000 00374nam a2200133Ia 4500
008 220217s9999 xx 000 0 und d
245 0 _aRaw styrene-butadiene rubber (SBR) – Determination of soap content
260 _c1975
500 _aStandard number: ISO 2003
650 _a SBR
650 _a Soap content
650 _a Styrene butadiene rubber
942 _cST
999 _c74066
_d74066